[Event "3rd Terre degli Elimi"]
[Site "Erice ITA"]
[Date "2012.07.29"]
[Round "7"]
[White "Amato,A"]
[Black "Guramishvili,S"]
[Result "0-1"]
[WhiteElo "2263"]
[BlackElo "2418"]

1.Nf3 d5 2.c4 e6 3.g3 Nf6 4.Bg2 Nc6 5.O-O a6 6.d4 dxc4 7.Nc3 Rb8 8.e4 Be7
9.d5 exd5 10.exd5 Nb4 11.Ne5 Bf5 12.a3 Nd3 13.Nxc4 O-O 14.Ne3 Bg6 15.b4 c5
16.b5 axb5 17.Nxb5 Qd7 18.Qb3 c4 19.Nxc4 Nc5 20.Qb4 Nxd5 21.Ne5 Nxb4 22.Nxd7 Nxd7
23.axb4 Bd3 24.Rd1 Bxb5 25.Ra5 Ba6 26.Rxd7 Bxb4 27.Rf5 Rbe8 28.Be3 Re7 29.Rfd5 Rb8
30.Rxe7 Bxe7 31.Rd7 Kf8 32.Bb6 Ke8 33.Rd1 Bb5 34.Rc1 Bc6 35.Ba7 Rc8 36.h4 Bd7
37.Re1 b5 38.Bd4 g6 39.Bd5 Kf8 40.Ra1 Be8 41.Bb3 h5 42.Bb2 Rd8 43.Re1 Bc5
44.Re2 Rd3 45.Bc2 Rxg3+ 46.Kf1 Rh3 47.Bf6 Rf3 48.Bg5 Bc6 49.Bh6+ Kg8 50.Bb1 b4
51.Rd2 Kh7 52.Bg5 f6  0-1

[Event "PAB Romania Open 2012"]
[Site "Arad ROU"]
[Date "2012.07.30"]
[Round "5.7"]
[White "Doncea,V"]
[Black "Murariu,A"]
[Result "1-0"]
[WhiteElo "2415"]
[BlackElo "2498"]

1.Nf3 d5 2.c4 c6 3.e3 Nf6 4.Nc3 g6 5.Be2 Bg7 6.O-O O-O 7.h3 Nbd7 8.d4 b6
9.b4 Bb7 10.Rb1 a5 11.a3 axb4 12.axb4 Qc8 13.Qb3 Ne4 14.Nxe4 dxe4 15.Nd2 f5
16.f3 e5 17.dxe5 exf3 18.Nxf3 Nxe5 19.c5+ Kh8 20.Nxe5 Bxe5 21.Bb2 Bg7 22.Bc1 Be5
23.Bb2 Qe8 24.cxb6 h5 25.Rfd1 Bxb2 26.Qxb2+ Kh7 27.Qd4 Rf7 28.Ra1 Rxa1 29.Rxa1 Rd7
30.Qf4 Qd8 31.Ra5 Qxb6 32.Bxh5 Re7 33.Kf2 gxh5 34.Rxf5 Qc7 35.Rxh5+ Kg8 36.Rg5+  1-0

[Event "99th ch-GBR 2012"]
[Site "North Shields ENG"]
[Date "2012.07.30"]
[Round "7.12"]
[White "Roe,S"]
[Black "Mackle,Dominic"]
[Result "0-1"]
[WhiteElo "2275"]
[BlackElo "2130"]

1.Nf3 d5 2.c4 c6 3.d4 Nf6 4.Nc3 a6 5.e3 b5 6.b3 Bg4 7.h3 Bxf3 8.Qxf3 e5 9.dxe5 Bb4
10.Bd2 Bxc3 11.Bxc3 Ne4 12.Bb4 bxc4 13.Qg4 c5 14.f3 Nc6 15.fxe4 Nxb4 16.Rd1 Qa5
17.bxc4 d4 18.exd4 cxd4 19.Qxg7 O-O-O 20.Be2 Nd3+ 21.Kf1 Nxe5 22.Rxd4 Qc3
23.Qxe5 Qxd4 24.Qxd4 Rxd4 25.Kf2 Rxe4 26.Rc1 Rd8 27.Rc2 Kc7 28.c5 a5 29.Bf3 Re5
30.c6 a4 31.Rb2 Rb8 32.Rd2 Re7 33.Kg3 Rb4 34.Rd3 Kb6 35.Rc3 Rb2 36.Bd5 Rd2
37.Bc4 f6 38.Ra3 Rg7+ 39.Kf4 Rgxg2 40.Rxa4 Kxc6 41.Ra5  0-1

[Event "Tabor Open 2012"]
[Site "Tabor CZE"]
[Date "2012.07.30"]
[Round "2.31"]
[White "Tesar,J"]
[Black "Zilavy,Jan"]
[Result "0-1"]
[WhiteElo "2100"]
[BlackElo "1657"]

1.Nf3 d5 2.c4 Nf6 3.b3 e6 4.Bb2 Nbd7 5.e3 c6 6.Be2 Bd6 7.O-O O-O 8.Qc2 Qc7
9.d3 b6 10.Nbd2 Bb7 11.Rac1 Rac8 12.Qb1 Rfd8 13.h3 h6 14.cxd5 Nxd5 15.Ne4 Be7
16.Qa1 N5f6 17.Nfd2 Qb8 18.f4 c5 19.Nf2 Bf8 20.Nf3 Nd5 21.Nd1 Qd6 22.Ne5 Qe7
23.e4 Nb4 24.a3 Nxe5 25.axb4 Nxd3 26.Bxd3 Rxd3 27.Nf2 Rxb3 28.f5 exf5 29.exf5 Rg3
30.Rfe1 Rxg2+ 31.Kf1 Rxf2+ 32.Kxf2 Qh4+ 33.Ke2 Qe4+ 34.Kf2 Qf3+  0-1

[Event "Tabor Open 2012"]
[Site "Tabor CZE"]
[Date "2012.07.30"]
[Round "2.19"]
[White "Cieslak,L"]
[Black "Lacina,A"]
[Result "1/2-1/2"]
[WhiteElo "1978"]
[BlackElo "2210"]

1.Nf3 d5 2.c4 e6 3.b3 Nf6 4.Bb2 Be7 5.g3 O-O 6.Bg2 b6 7.O-O Bb7 8.d4 Nbd7
9.Nbd2 c5 10.Rc1 Rc8 11.Re1 h6 12.e3 Rc7 13.Qe2 Qa8 14.dxc5 Nxc5 15.Ne5 Rd8
16.Red1 a5 17.cxd5 Nxd5 18.Qh5 Bf6 19.Ne4 Nxe4 20.Rxc7 Nxc7 21.Rxd8+ Qxd8
22.Qxf7+ Kh8 23.Ng6+ Kh7 24.Nf8+  1/2-1/2

[Event "Politiken Cup 2012"]
[Site "Helsingor DEN"]
[Date "2012.07.31"]
[Round "5.12"]
[White "Bulski,K"]
[Black "Hansen,Mads3"]
[Result "1-0"]
[WhiteElo "2554"]
[BlackElo "2341"]

1.Nf3 d5 2.c4 dxc4 3.Na3 Nf6 4.Nxc4 c5 5.g3 b5 6.Nce5 e6 7.a4 Qb6 8.axb5 Bb7
9.Qa4 Nbd7 10.Nc4 Qd8 11.d3 Be7 12.Bg2 a6 13.Qb3 axb5 14.Rxa8 Qxa8 15.Qxb5 O-O
16.O-O Rb8 17.Qa5 Nd5 18.Qxa8 Rxa8 19.Bg5 f6 20.Bd2 Ra2 21.Rb1 N5b6 22.Na5 Bd5
23.Be1 c4 24.Nxc4 Nxc4 25.dxc4 Bxc4 26.Bf1 Nb6 27.Nd4 Bc5 28.Nc6 Bd5 29.b4 Bd6
30.b5 Nc4 31.Nb4 Bxb4 32.Bxb4 Kf7 33.Rc1 Rb2 34.Bc3 Rxb5 35.e4 Bxe4 36.Bxc4 Rc5
37.Bd2 Rc6 38.Be2 Rd6 39.Be3 Kg6 40.Ra1 e5  1-0

[Event "Tabor Open 2012"]
[Site "Tabor CZE"]
[Date "2012.07.31"]
[Round "4.28"]
[White "Tesar,J"]
[Black "Milostny,M"]
[Result "1-0"]
[WhiteElo "2100"]
[BlackElo "1955"]

1.Nf3 d5 2.c4 e6 3.b3 Nf6 4.Bb2 Be7 5.e3 b6 6.Be2 Bb7 7.O-O O-O 8.d3 c5 9.Nbd2 Nc6
10.a3 Qc7 11.Rc1 Rac8 12.Rc2 Qb8 13.Qa1 Rfd8 14.cxd5 exd5 15.Nh4 Ne8 16.Nf5 Bf6
17.Bg4 Rc7 18.Rfc1 Bxb2 19.Qxb2 Ne7 20.Ng3 Bc8 21.Be2 Be6 22.Nf3 Rcc8 23.h3 h6
24.Nh5 Ng6 25.d4 Bf5 26.Rd2 cxd4 27.Rxc8 Rxc8 28.Bb5 Nd6 29.Qxd4 Rc1+ 30.Bf1 Ne8
31.Qxd5 Be6 32.Qd4 Qc8 33.Qb2 Rc5 34.Ng3 Nf6 35.Nd4 Bd7 36.b4 Rc1 37.b5 Qc3
38.Qxc3 Rxc3 39.Ra2 Ne5 40.a4 Nc4 41.Nge2 Rd3 42.Rc2 Nd6 43.Nc3  1-0

[Event "9th Plancoet Open"]
[Site "Plancoet FRA"]
[Date "2012.08.01"]
[Round "5.5"]
[White "Milchev,N"]
[Black "Serafimov,T"]
[Result "1-0"]
[WhiteElo "2421"]
[BlackElo "2425"]

1.Nf3 d5 2.c4 e6 3.g3 g6 4.Bg2 Bg7 5.O-O Ne7 6.d4 Nbc6 7.cxd5 exd5 8.Nc3 O-O
9.Bf4 a6 10.Rc1 Nf5 11.e3 Nce7 12.Qb3 b6 13.g4 Nh6 14.h3 Ra7 15.Qa3 c6 16.Ne5 Kh8
17.Na4 b5 18.Qc5 Rb7 19.Nc3 Qb6 20.Nb1 Bxe5 21.Bxe5+ f6 22.Bd6 Nhg8 23.Qxb6 Rxb6
24.Nd2 Bd7 25.Nb3 Rc8 26.a3 Rb7 27.Na5 Ra7 28.Rc3 Kg7 29.Rfc1 Kf7 30.f3 Re8
31.Kf2 Raa8 32.e4 Nc8 33.Bc5 Nge7 34.Re3 f5 35.exf5 gxf5 36.Rce1 Ng6 37.Rxe8 Bxe8
38.gxf5 Nh4 39.Re5 Nxg2 40.Kxg2 Bd7 41.Kg3 Kf6 42.Kf4 b4 43.axb4 Na7 44.Re7  1-0

[Event "Politiken Cup 2012"]
[Site "Helsingor DEN"]
[Date "2012.08.02"]
[Round "7.52"]
[White "Spiess,Th"]
[Black "Nielsen,JanM"]
[Result "1/2-1/2"]
[WhiteElo "2007"]
[BlackElo "2130"]

1.Nf3 d5 2.c4 c6 3.e3 Nf6 4.Nc3 a6 5.Qc2 e6 6.b3 Nbd7 7.Bb2 b5 8.d4 Bb7 9.c5 Qc7
10.Be2 Be7 11.O-O O-O 12.b4 a5 13.Qb3 axb4 14.Qxb4 Qa5 15.Qxa5 Rxa5 16.a4 bxa4
17.Rxa4 Rxa4 18.Nxa4 Ra8 19.Ra1 e5 20.Nc3 Rxa1+ 21.Bxa1 exd4 22.exd4 Ne8
23.Nd2 Nc7 24.Nb3 Ba6 25.Na5 Nb8 26.Kf1 Bf6 27.Na2 Bxe2+ 28.Kxe2 Nca6 29.Bc3 Kf8
30.Kd3 Bd8 31.Nb7 Bc7 32.h3 Ke7 33.Ba5 Bxa5 34.Nxa5 Nc7 35.Nb4 Kd7 36.Ke3 Nb5  1/2-1/2

[Event "Politiken Cup 2012"]
[Site "Helsingor DEN"]
[Date "2012.08.03"]
[Round "8.84"]
[White "Johansson,An"]
[Black "Schmidt,Ho DEN"]
[Result "1-0"]
[WhiteElo "2029"]
[BlackElo "1854"]

1.Nf3 d5 2.c4 c6 3.cxd5 cxd5 4.d4 Nf6 5.Nc3 Nc6 6.Bf4 e6 7.e3 Bd6 8.Bxd6 Qxd6
9.Bd3 a6 10.O-O O-O 11.h3 e5 12.dxe5 Nxe5 13.Nxe5 Qxe5 14.Qf3 Bd7 15.Rfd1 Bc6
16.Qf5 Qxf5 17.Bxf5 Rfe8 18.Rd4 g6 19.Bc2 Rac8 20.Bb3 Red8 21.Rad1 Rd7 22.e4 dxe4
23.Nxe4 Rxd4 24.Nxf6+ Kg7 25.Rxd4 Kxf6 26.Rf4+ Kg5 27.Rxf7 h5 28.Re7 Rd8
29.Re2 Rd4 30.a3 Kf4 31.Kh2 h4 32.Rc2 Rd3 33.Rc4+ Kg5 34.Rg4+ Kf6 35.Bc2 Rd2
36.Bxg6 Rxf2 37.Be4 Bxe4 38.Rxe4 Kg5 39.Rg4+ Kh5 40.Rb4 b5 41.Kg1 Rc2 42.Rb3 Kg5
43.g3 hxg3 44.Rxg3+ Kh4 45.Rg2 Rc1+ 46.Kh2 Rd1 47.Rg4+ Kh5 48.Rb4 Rd2+ 49.Kg3 Rd3+
50.Kg2 Rd2+ 51.Kf3 Rd3+ 52.Ke4 Rxh3 53.Kd5 Kg5 54.Kc5 Rh6 55.Rd4 Rh2 56.b3 Rh3
57.Rb4 Rf3 58.Kb6 Rf6+ 59.Ka5 Rd6 60.a4 bxa4 61.Kxa4 Rd1 62.Ka5 Ra1+ 63.Ra4 Rb1
64.Kb4 Kf6 65.Rxa6+ Ke7 66.Rc6 Kd7 67.Rc3 Ra1 68.Kb5 Ra8 69.Rc6 Ra5+ 70.Kxa5 Kxc6
71.b4 Kb7 72.Kb5 Kc7 73.Ka6 Kb8 74.b5 Ka8 75.b6  1-0

[Event "Politiken Cup 2012"]
[Site "Helsingor DEN"]
[Date "2012.08.04"]
[Round "9.91"]
[White "Molin,C"]
[Black "Okland,Sveinung"]
[Result "0-1"]
[WhiteElo "1993"]
[BlackElo "1846"]

1.Nf3 d5 2.c4 c6 3.d4 Nf6 4.cxd5 cxd5 5.Nc3 e6 6.Bf4 Be7 7.e3 O-O 8.Rc1 Bd7
9.Bd3 Nc6 10.O-O a6 11.Ne5 Rc8 12.Na4 Nxe5 13.Rxc8 Qxc8 14.Bxe5 Bxa4 15.Qxa4 Nd7
16.Bf4 f5 17.Re1 b5 18.Qd1 Qc6 19.Re2 Rc8 20.Rc2 Qb7 21.Qc1 Nb6 22.Rxc8+ Qxc8
23.Qxc8+ Nxc8 24.Bc7 Nd6 25.b3 b4 26.Bxa6 Ne4 27.Ba5 Nd2 28.Bd3 Ne4 29.f3 Nf6
30.Kf2 Kf7 31.Ke2 Bd6 32.h3 h5 33.Kd2 Ke7 34.Kc2 Kd7 35.Bb5+ Kc8 36.a3 bxa3
37.Be1 f4 38.exf4 Bxf4 39.Bb4 Be3 40.Bxa3 Bxd4 41.Bf8 Nd7 42.Bd6 Nb6 43.Kd3 Bf6
44.Bc6 h4 45.Ke3 Kd8 46.Bb4 Kc7 47.Be8 e5 48.Ba5 Kb7 49.f4 Ka6 50.Bb4 e4
51.Bc6 Bb2 52.Bc5 Bc1+ 53.Kf2 Bxf4 54.b4 Bd2 55.b5+ Ka5 56.Be7 g5 57.g3 hxg3+
58.Kxg3 e3 59.Bxg5 d4 60.Kf3 Nc4 61.Bd8+ Kb4 62.Bf6 d3 63.Be7+ Kc3 64.Bf6+ Kc2
65.Be4 e2 66.Bh4 Ne5+ 67.Kg2 Be3 68.Bg3 Bb6 69.h4 Ng4 70.h5 Kc3 71.Bxd3 Kxd3
72.Be1 Ke4 73.Kg3 Nh6 74.Kg2 Be3 75.Ba5 Ng4 76.Be1 Ne5 77.b6 Bxb6 78.h6 Nf3
79.Bc3 Bd4 80.Bd2 Be3 81.Bc3 Bxh6 82.Ba5 Be3 83.Bc3 Nd4 84.Be1 Nb3 85.Bh4 Nd2
86.Be1 Kd3 87.Bg3 Kc2 88.Be1 Kd1 89.Bh4 Ne4 90.Kf3 Bf2  0-1

[Event "16th HZ Open"]
[Site "Vlissingen NED"]
[Date "2012.08.04"]
[Round "1"]
[White "Bosboom,M"]
[Black "Bitalzadeh,M"]
[Result "1-0"]
[WhiteElo "2383"]
[BlackElo "1869"]

1.Nf3 d5 2.c4 d4 3.b4 Bf5 4.Bb2 c5 5.Qa4+ Nc6 6.d3 Qb6 7.b5 O-O-O 8.Nbd2 Nb8
9.Nb3 e5 10.Nxe5 Qe6 11.g4 Be4 12.dxe4 Qxe5 13.g5 Qxe4 14.Rg1 Re8 15.O-O-O Qf4+
16.e3 Qxh2 17.Qxa7 Qc7 18.Bh3+ Re6 19.exd4 Qf4+ 20.Rd2 cxd4 21.Qxd4 Qxd4
22.Nxd4 Bb4 23.Nxe6 Bxd2+ 24.Kxd2 f6 25.Nxg7+ Kc7 26.Ne6+ Kd6 27.Ba3+  1-0

[Event "16th HZ Open"]
[Site "Vlissingen NED"]
[Date "2012.08.04"]
[Round "1"]
[White "Haimovich,T"]
[Black "Van De Braak,Joey"]
[Result "1-0"]
[WhiteElo "2388"]
[BlackElo "1876"]

1.Nf3 d5 2.c4 Nf6 3.cxd5 Nxd5 4.e4 Nb6 5.b3 e6 6.Bb2 N8d7 7.Be2 Nf6 8.Qc2 Be7
9.O-O O-O 10.Na3 c6 11.Rfd1 Bd7 12.d4 Qb8 13.Nc4 Be8 14.Bd3 Nfd7 15.e5 h6
16.Qe2 Nd5 17.Qe4 g6 18.Ne3 Nxe3 19.Qxe3 Kg7 20.Nd2 Nb6 21.Ne4 Nd5 22.Qg3 b5
23.Rac1 a5 24.a3 Qd8 25.Rc2 Bh4 26.Qg4 h5 27.Qf3 Be7 28.Re1 Rh8 29.Bc1 Ra7
30.Nc5 b4 31.a4 Nc3 32.Ne4 Nd5 33.g3 Qb6 34.Bb2 Qd8 35.h4 Qb6 36.Bc4 Bd7
37.Rd1 Rc8 38.Bc1 Rh8 39.Bg5 Bxg5 40.Nxg5 Rf8 41.Bxd5 exd5 42.Qf6+ Kg8 43.e6  1-0

[Event "Jiraskuv Memorial GM 2012"]
[Site "Rakovnik CZE"]
[Date "2012.08.05"]
[Round "3"]
[White "Cvek,R"]
[Black "Velicka,P"]
[Result "1/2-1/2"]
[WhiteElo "2549"]
[BlackElo "2461"]

1.Nf3 d5 2.c4 c6 3.e3 Nf6 4.Nc3 Bg4 5.Qb3 Qb6 6.Ne5 Be6 7.d4 Nbd7 8.Nxd7 Bxd7
9.Na4 Qxb3 10.axb3 O-O-O 11.Nc5 a6 12.Nxd7 Rxd7 13.Bd3 e6 14.Bd2 Ne4 15.Rc1 Nxd2
16.Kxd2 Kb8 17.Ke2 g6 18.g4 Bg7 19.f4 h5 20.g5 Rc8 21.c5  1/2-1/2

[Event "16th HZ Open"]
[Site "Vlissingen NED"]
[Date "2012.08.05"]
[Round "2"]
[White "Van Gool,H"]
[Black "Haslinger,S"]
[Result "0-1"]
[WhiteElo "2127"]
[BlackElo "2524"]

1.Nf3 d5 2.c4 e6 3.g3 Nf6 4.Bg2 dxc4 5.Qa4+ Nbd7 6.Nc3 a6 7.O-O Be7 8.Qxc4 b5
9.Qb3 Bb7 10.d4 c5 11.Rd1 c4 12.Qc2 b4 13.Na4 Be4 14.Qd2 c3 15.bxc3 Qa5 16.Nc5 bxc3
17.Qf4 Nxc5 18.dxc5 O-O 19.Rd4 Bc6 20.Qh4 Rad8 21.Be3 Bxc5 22.Rc4 Bxe3 23.Rxc6 Rc8
24.Qc4 Rxc6 25.Qxc6 Bc5 26.Ne1 Rb8 27.Nd3 Ba3 28.Qc4 h6 29.h3 e5 30.Nc1 Qb5
31.Qc7 Qb2 32.Nb3 Rxb3 33.Qc8+ Bf8 34.Rd1 c2  0-1

[Event "16th HZ Open"]
[Site "Vlissingen NED"]
[Date "2012.08.05"]
[Round "3"]
[White "Arjun,B"]
[Black "Holwijn,M"]
[Result "1-0"]
[WhiteElo "2261"]
[BlackElo "2050"]

1.Nf3 d5 2.c4 d4 3.g3 Nf6 4.Bg2 c6 5.O-O d3 6.Nc3 dxe2 7.Qxe2 Bf5 8.d4 Qc8
9.Bg5 Qe6 10.Ne5 Nfd7 11.g4 Bg6 12.f4 Nxe5 13.dxe5 f5 14.Na4 Nd7 15.Rad1 O-O-O
16.b4 Bf7 17.Rc1 h6 18.Bd5 Qg6 19.Bxf7 Qxf7 20.e6 Qg6 21.exd7+ Rxd7 22.Bh4 e5
23.fxe5 Bxb4 24.Rcd1 Rxd1 25.Rxd1 Re8 26.c5 Ba5 27.Bg3 fxg4 28.Nb2 Rd8 29.Rxd8+ Bxd8
30.Nc4 h5 31.e6 Qb1+ 32.Qe1  1-0

[Event "16th HZ Open"]
[Site "Vlissingen NED"]
[Date "2012.08.06"]
[Round "4"]
[White "Niewenhuis,R"]
[Black "Porte,H"]
[Result "0-1"]
[WhiteElo "1962"]
[BlackElo "2132"]

1.Nf3 d5 2.c4 c6 3.Qc2 Nf6 4.e3 e6 5.b3 Nbd7 6.Bb2 Bd6 7.d4 O-O 8.Bd3 Re8
9.Ne5 Bxe5 10.dxe5 Ng4 11.Bxh7+ Kh8 12.Bd3 Ngxe5 13.Be2 Ng6 14.h4 e5 15.h5 Ngf8
16.h6 g6 17.f4 Kh7 18.Qc3 Qe7 19.O-O f6 20.f5 gxf5 21.Bh5 Ng6 22.cxd5 cxd5
23.Na3 Nc5 24.Rac1 b6 25.Ba1 Be6 26.b4 Ne4 27.Qc7 Qxc7 28.Rxc7+ Kxh6 29.Bxg6 Kxg6
30.Rfc1 Rec8 31.Bb2 Nd6 32.R1c6 Rxc7 33.Rxc7 Nc4 34.Nxc4 dxc4 35.Rc6 Re8
36.Kf2 Bd5 37.Rd6 Be4 38.Rd7 a5 39.bxa5 bxa5 40.Bc3 Rb8 41.Rc7 Bd3 42.Bxa5 Rb2+
43.Kg3 Rxa2 44.Be1 Rc2 45.Rd7 Be4 46.Rd2 Rc1 47.Re2 Bd3 48.Bd2 Rc2 49.Rf2 c3
50.Be1 Rc1 51.Bxc3 Rxc3 52.Rd2 Be4 53.Kf2 Rc2 54.Rxc2 Bxc2 55.Kg3 Kg5 56.Kf3 Be4+
57.Kg3 Bc6 58.Kf2 Kg4  0-1

[Event "11th Braunau Open A"]
[Site "Ranshofen AUT"]
[Date "2012.08.07"]
[Round "5.2"]
[White "Jaracz,P"]
[Black "Hera,I"]
[Result "1/2-1/2"]
[WhiteElo "2536"]
[BlackElo "2568"]

1.Nf3 d5 2.c4 e6 3.g3 dxc4 4.Qa4+ Nd7 5.Bg2 a6 6.Qxc4 b5 7.Qc6 Rb8 8.Qc2 Bb7
9.d3 Ngf6 10.O-O Be7 11.b3 c5 12.Bb2  1/2-1/2

[Event "16th Izmailov Mem"]
[Site "Tomsk RUS"]
[Date "2012.08.08"]
[Round "2.11"]
[White "Gritsenko,An"]
[Black "Fitiak,Sergey"]
[Result "1-0"]
[WhiteElo "2409"]
[BlackElo "2207"]

1.Nf3 d5 2.c4 d4 3.b4 f6 4.d3 e5 5.a3 a5 6.b5 a4 7.g3 Nd7 8.Bg2 Nc5 9.Ra2 Ne7
10.O-O g6 11.e3 Bg7 12.exd4 exd4 13.Re1 O-O 14.Rae2 Nf5 15.Bb2 Kh8 16.h3 h5
17.Qc2 g5 18.Nbd2 g4 19.hxg4 hxg4 20.Nh2 Nh6 21.Ne4 Nxe4 22.Rxe4 f5 23.Rf4 Nf7
24.c5 Ra5 25.Qc4 Ne5 26.Qb4 Nxd3 27.Qxa5 Nxb2 28.Qd2 Nc4 29.Qb4 Ne5 30.Rxd4 Qg5
31.Red1 Be6 32.Qxa4 Rf6 33.Qa8+ Kh7 34.Qxb7 Rh6 35.a4 Qh5 36.Nf1 Bc4 37.Rxc4 Nxc4
38.Nd2 Ne5 39.Qd5 Qh2+ 40.Kf1 f4 41.gxf4 Ng6 42.Qe4 Qxf4 43.Qxf4 Nxf4 44.a5 Rh2
45.Be4+ Kh6 46.Nc4 Nh3 47.Rd2 Bc3 48.Rc2 Bd4 49.Ne3 Rxf2+ 50.Rxf2 Nxf2 51.Nf5+ Kg5
52.Nxd4 Nxe4 53.a6  1-0

[Event "113th US Open 2012"]
[Site "Vancouver USA"]
[Date "2012.08.09"]
[Round "6"]
[White "Hall,B"]
[Black "Sen,Samir"]
[Result "1-0"]
[WhiteElo "1996"]
[BlackElo "2152"]

1.Nf3 d5 2.c4 c6 3.b3 dxc4 4.bxc4 e5 5.Qc2 Bd6 6.Bb2 Qe7 7.Nc3 Nf6 8.g3 Na6
9.Bg2 Nc5 10.O-O h6 11.d4 exd4 12.Nxd4 O-O 13.e4 Be6 14.Rfe1 Bxc4 15.Nf5 Qc7
16.Nxd6 Qxd6 17.e5 Qd3 18.Qxd3 Nxd3 19.exf6 Nxb2 20.Reb1 Nd3 21.Rxb7 gxf6
22.Bxc6 Ne5 23.Bd5 Kg7 24.f4 Bxd5 25.Nxd5 Nc6 26.Rc1 Rab8 27.Rxb8 Nxb8 28.f5 Rd8
29.Nf4 Kf8 30.Rc7 Na6 31.Rxa7 Rd1+ 32.Kg2 Rd2+ 33.Kh3 Rxa2 34.Nd5 Rd2 35.Nxf6 Nc5
36.Ra8+ Ke7 37.Ng8+ Kd7 38.Ra7+ Ke8 39.Nxh6 Nd7 40.g4 f6 41.Ra8+ Ke7 42.Kg3 Rd3+
43.Kh4 Kd6 44.Re8 Kc5 45.Ng8 Rd5 46.Re6  1-0

[Event "II Brazil Maringa Open"]
[Site "Maringa BRA"]
[Date "2012.08.10"]
[Round "4.8"]
[White "Mareco,S"]
[Black "Sztokbant,B"]
[Result "1-0"]
[WhiteElo "2589"]
[BlackElo "2065"]

1.Nf3 d5 2.c4 e6 3.g3 Nf6 4.Bg2 Be7 5.O-O O-O 6.d4 dxc4 7.Qc2 a6 8.Qxc4 b5
9.Qc2 Bb7 10.Bd2 Be4 11.Qc1 Nbd7 12.Ba5 Bd6 13.Nbd2 Bb7 14.Qc2 Rc8 15.e4 e5
16.dxe5 Bxe5 17.Nxe5 Nxe5 18.Nb3 Qd3 19.Qc3 Rfe8 20.Nc5 Qxc3 21.Bxc3 Ba8
22.Rfd1 a5 23.b3 b4 24.Bb2 Bc6 25.Rac1 Bb5 26.f4 Neg4 27.Bf3 Nh6 28.e5 Nfg4
29.Bd4 Rcd8 30.Nb7 Rd7 31.h3 c6 32.Nd6  1-0

[Event "II Brazil Maringa Open"]
[Site "Maringa BRA"]
[Date "2012.08.10"]
[Round "5.9"]
[White "Barreto Filho,C"]
[Black "Name,G"]
[Result "1/2-1/2"]
[WhiteElo "2279"]
[BlackElo "2160"]

1.Nf3 d5 2.c4 c6 3.e3 Nf6 4.Nc3 a6 5.d4 Bg4 6.h3 Bxf3 7.Qxf3 b5 8.cxd5 cxd5
9.Bd3 b4 10.Na4 Nbd7 11.O-O e6 12.Bd2 Be7 13.Qe2 a5 14.Rfc1 O-O 15.f3 Re8
16.Be1 Qb8 17.Bb5 Bd6 18.g4 Rd8 19.g5 Ne8 20.f4 g6 21.b3 Rc8 22.Rc2 Rc7 23.Rac1 Rxc2
24.Rxc2 Ng7 25.a3 Nf5 26.axb4 axb4 27.Bd3 Ra7 28.Nc5 Nxc5 29.dxc5 Bc7 30.Qf2  1/2-1/2

[Event "16th Izmailov Mem"]
[Site "Tomsk RUS"]
[Date "2012.08.10"]
[Round "4.7"]
[White "Gritsenko,An"]
[Black "Aleksandrov,Zakhar"]
[Result "1-0"]
[WhiteElo "2409"]
[BlackElo "2129"]

1.Nf3 d5 2.c4 c6 3.g3 g6 4.Bg2 Bg7 5.O-O Nf6 6.d4 O-O 7.Nc3 b6 8.cxd5 cxd5
9.Ne5 Bb7 10.Qa4 e6 11.Bf4 Nfd7 12.Nxd7 Qxd7 13.Qxd7 Nxd7 14.Nb5 a6 15.Nd6 Bc6
16.Rfc1 Nb8 17.Nxf7 Kxf7 18.Bxb8 Raxb8 19.Rxc6 Bxd4 20.Bh3 Rfe8 21.Rb1 a5
22.b4 axb4 23.Rxb4 e5 24.Ra4 b5 25.Raa6 Ra8 26.Be6+ Kg7 27.Rc7+ Kh8 28.Rxa8 Rxa8
29.Bxd5 Rd8 30.Be4 b4 31.h4 Bc3 32.g4 Rd4 33.f3 Rd1+ 34.Kg2 Rd2 35.g5 Rxe2+
36.Kh3 Rd2 37.a3 Rd8 38.axb4 Bxb4 39.h5 Bd2 40.Kh4 Bf4 41.hxg6 hxg6 42.Rc6 Rd7
43.Kg4 Kg7 44.Rxg6+ Kf8 45.Ra6 Kg7 46.g6 Kh6 47.Ra1 Rd2 48.Kf5 Kg7 49.Ra7+ Kg8
50.Bb1 Rg2 51.Ba2+ Kf8 52.Bd5  1-0

[Event "16th Izmailov Mem"]
[Site "Tomsk RUS"]
[Date "2012.08.10"]
[Round "4.6"]
[White "Pakhomov,E"]
[Black "Fitiak,Sergey"]
[Result "1-0"]
[WhiteElo "2417"]
[BlackElo "2207"]

1.Nf3 d5 2.c4 d4 3.e3 c5 4.b4 dxe3 5.fxe3 cxb4 6.d4 g6 7.Qa4+ Bd7 8.Qxb4 Nc6
9.Qd2 Bg7 10.Bb2 Qb6 11.c5 Qc7 12.Bd3 Nh6 13.O-O O-O 14.Na3 Rad8 15.Nb5 Qb8
16.e4 a6 17.Na3 Bg4 18.d5 Bxf3 19.Bxg7 Kxg7 20.gxf3 Ne5 21.Be2 f6 22.Rab1 Qa7
23.Qb4 Rc8 24.Rfc1 Rc7 25.Qb6 Qb8 26.c6 Rfc8 27.Rf1 Rd8 28.f4 Nef7 29.Nc2 Rd6
30.Qxa6 Qc8 31.cxb7 Qh3 32.Qd3  1-0

[Event "Manhem GM 2012"]
[Site "Gothenburg SWE"]
[Date "2012.08.11"]
[Round "1"]
[White "Bejtovic,J"]
[Black "Semcesen,D"]
[Result "1/2-1/2"]
[WhiteElo "2393"]
[BlackElo "2463"]

1.Nf3 d5 2.c4 dxc4 3.e3 Be6 4.Ng5 Bd5 5.e4 e6 6.exd5 Qxg5 7.dxe6 Qe5+ 8.Be2 Qxe6
9.O-O Be7 10.Nc3 Nf6 11.Bf3 Nc6 12.Re1 Qd7 13.Qa4 Nd4 14.Bxb7 Rb8 15.Be4 Qxa4
16.Nxa4 Kd7 17.b3 cxb3 18.Bb2 Ne6 19.Bf5 bxa2 20.Rxa2 Rb5 21.Be5 Rhb8 22.Nc3 Rb2
23.Rxa7 R8b7 24.Rxb7  1/2-1/2

[Event "2nd Riga Tech Open"]
[Site "Riga LAT"]
[Date "2012.08.11"]
[Round "8.4"]
[White "Ehlvest,J"]
[Black "Neiksans,A"]
[Result "1-0"]
[WhiteElo "2601"]
[BlackElo "2537"]

1.Nf3 d5 2.c4 c6 3.e3 Nf6 4.Nc3 a6 5.Qc2 dxc4 6.Bxc4 e6 7.d4 c5 8.dxc5 Bxc5
9.O-O O-O 10.e4 b5 11.Bb3 Bb7 12.e5 Nfd7 13.Ng5 g6 14.Nce4 Be7 15.Bf4 Nc6
16.Rad1 Nb4 17.Qc3 Nd5 18.Qh3 h5 19.Nxe6 Nxf4 20.Nxf4 Bxe4 21.Rxd7 Qe8 22.e6 Bf5
23.Qe3 Kh7 24.Nd5 Bd8 25.Rxd8  1-0

[Event "Stare Mesto Open 2012"]
[Site "Stare Mesto CZE"]
[Date "2012.08.11"]
[Round "2.13"]
[White "Dungl,M"]
[Black "Karhanek,P"]
[Result "1/2-1/2"]
[WhiteElo "1991"]
[BlackElo "2208"]

1.Nf3 d5 2.c4 c6 3.cxd5 cxd5 4.d4 Nf6 5.Nc3 a6 6.Bf4 Nc6 7.Rc1 Ne4 8.Qb3 Nxc3
9.bxc3 Na5 10.Qb1 e6 11.e3 Ba3 12.Rc2 O-O 13.Bd3 h6 14.Ne5 Bd7 15.Nxd7 Qxd7
16.g4 Bd6 17.Bg3 b5 18.g5 hxg5 19.Qd1 g6 20.Qg4 Kg7 21.Qxg5 Bxg3 22.fxg3 Qd8
23.Qf4 Rc8 24.O-O Nc4 25.h4 f5 26.a4 bxa4 27.Rb1 Rf7 28.Bxc4 Rxc4 29.h5 g5
30.Qe5+ Qf6 31.Qd6 Qe7 32.Qxa6 Qc7 33.Qxe6 Rc6 34.Qxd5 Qxg3+ 35.Kh1 Rh6 36.Qe5+ Qxe5
37.dxe5 Rxh5+  1/2-1/2

[Event "XIII Miquel Mas Open"]
[Site "Figueres ESP"]
[Date "2012.08.13"]
[Round "6.1"]
[White "Mirzoev,A"]
[Black "Das,Arg"]
[Result "1-0"]
[WhiteElo "2545"]
[BlackElo "2479"]

1.Nf3 d5 2.c4 dxc4 3.Qa4+ c6 4.Qxc4 e6 5.d4 Nf6 6.Bg5 b5 7.Qc2 Bb7 8.Nbd2 h6
9.Bxf6 Qxf6 10.e3 Nd7 11.Bd3 Qd8 12.O-O Be7 13.a3 a5 14.Rfd1 O-O 15.Rac1 a4
16.Ne4 Qb8 17.Nc3 Rd8 18.Bh7+ Kf8 19.Be4 Bd6 20.h3 Qa7 21.Ne1 Qb6 22.Bf3 Kg8
23.Ne4 Be7 24.Nd3 Qc7 25.Nec5 Rac8 26.Nxd7 Rxd7 27.Nc5 Rdd8 28.g3 Qb6 29.h4 Bxc5
30.Qxc5 Qxc5 31.Rxc5 Kf8 32.Rdc1 Rd6 33.g4 Ke7 34.Kh2 Kd7 35.Kg3 Ke7 36.g5 hxg5
37.hxg5 Kd7 38.Rh1 Ke7 39.Rh7 Rg8 40.Be4 f6 41.gxf6+ Kxf6 42.Rh4 Ke7 43.Rg4 Kf6
44.Rf4+ Ke7 45.Rg5 g6 46.Rfg4 Rd7 47.Rxg6 Rxg6 48.Rxg6 Kd6 49.f4 c5 50.dxc5+ Kxc5
51.Bxb7 Rxb7 52.Rxe6 b4 53.Re4 bxa3 54.bxa3 Rb3 55.Rxa4 Rxe3+ 56.Kg4 Kd6
57.Kf5 Rf3 58.Rd4+ Ke7 59.a4 Ra3 60.Re4+ Kf7 61.Rb4 Kg7 62.Rb7+ Kh6 63.Ra7 Rc3
64.a5 Rc5+ 65.Kg4 Kg6 66.Ra6+ Kf7 67.Ra8 Kg6 68.a6 Ra5 69.a7  1-0

[Event "ch-FRA w 2012"]
[Site "Pau FRA"]
[Date "2012.08.14"]
[Round "1"]
[White "Collas,S"]
[Black "Bollengier,Andreea"]
[Result "0-1"]
[WhiteElo "2261"]
[BlackElo "2253"]

1.Nf3 d5 2.c4 d4 3.e3 c5 4.exd4 cxd4 5.d3 Nc6 6.g3 e5 7.Bg2 Bd6 8.O-O Nf6
9.Bg5 h6 10.Bxf6 Qxf6 11.Nbd2 Bf5 12.Ne4 Bxe4 13.dxe4 O-O 14.Ne1 Na5 15.Qa4 b6
16.c5 Be7 17.b4 Nb7 18.c6 Nd8 19.Rc1 Ne6 20.Nd3 Nc7 21.f4 exf4 22.gxf4 b5
23.Qa5 Bd8 24.Rf3 a6 25.e5 Qf5 26.Rg3 Re8 27.Qb6 Nd5 28.Qxd4 Bb6 29.Nc5 Nxf4
30.Qf2 Qxe5 31.Kh1 Ne2 32.Rf1 Nxg3+ 33.hxg3 Qh5+ 34.Kg1 a5 35.a3 axb4 36.axb4 Rad8
37.Bf3 Qg5 38.Bg2 Re7 39.Qf4 Qg6 40.Kh1 Bc7 41.Qh4 Bxg3 42.Qh3 Bc7 43.Nd7 Qd6
44.Qh4 Ra8 45.Rg1 Ra4 46.Bf3 g5 47.Bh5 Qxc6+  0-1

[Event "Prva liga RS seniori 2012"]
[Site "Banja Vrucica SRB"]
[Date "2012.08.15"]
[Round "5"]
[White "Arsovic,Z"]
[Black "Pavlovic,Dej"]
[Result "0-1"]
[WhiteElo "2439"]
[BlackElo "2419"]

1.Nf3 d5 2.c4 c6 3.g3 Nf6 4.Bg2 dxc4 5.O-O Nbd7 6.Na3 Nb6 7.Qc2 Qd5 8.b3 cxb3
9.axb3 Be6 10.Nc4 Nxc4 11.bxc4 Qxc4 12.Qb1 Bc8 13.Ne5 Qe6 14.d4 g6 15.Nd3 Bg7
16.Nc5 Qxe2 17.Nxb7 O-O 18.Na5 Bd7 19.Qb7  0-1

[Event "25th Panevezys IM"]
[Site "Panevezys LTU"]
[Date "2012.08.15"]
[Round "4.3"]
[White "Malinin,Y"]
[Black "Labeckas,K"]
[Result "0-1"]
[WhiteElo "2325"]
[BlackElo "2378"]

1.Nf3 d5 2.c4 c6 3.b3 Nf6 4.Bb2 Bg4 5.e3 Nbd7 6.Be2 e6 7.cxd5 exd5 8.Nc3 Bd6
9.h3 Bh5 10.Nd4 Bg6 11.O-O O-O 12.f4 h6 13.d3 Re8 14.Qd2 Qe7 15.Nd1 a6 16.Rf3 Bb4
17.Bc3 Bxc3 18.Qxc3 c5 19.Nc2 d4 20.Qd2 dxe3 21.Ndxe3 b5 22.Bf1 Qd6 23.Re1 Rad8
24.Qf2 Nb6 25.f5 Bh7 26.g4 Nfd7 27.h4 Ne5 28.Rg3 f6 29.Ng2 Nd5 30.d4 Nd7
31.Rd1 Kh8 32.Nge3 Nc3 33.dxc5 Nxd1 34.cxd6 Nxf2 35.Kxf2 Nc5 36.Rg2 Rxd6
37.Kf3 Bg8 38.Nb4 a5 39.Nbc2 b4 40.Bb5 Re7 41.Rg1 Ne4 42.Ng2 g5 43.fxg6 Rd2
44.Nce1 Rf2+ 45.Ke3 Rxa2 46.Kd4 Rd2+ 47.Nd3 Nc3 48.Nf4 Nxb5+ 49.Kc5 Nc3 50.g5 Ne4+
51.Kb6 fxg5 52.hxg5 Nxg5 53.Kxa5 Bxb3 54.Rf1 Rxd3  0-1